Collagen in food and beverage industries / (Record no. 2048)
[ view plain ]
| 000 -LEADER | |
|---|---|
| fixed length control field | 01076nab a2200301 u 4500 |
| 001 - CONTROL NUMBER | |
| control field | 04723 |
| 003 - CONTROL NUMBER IDENTIFIER | |
| control field | HDC |
| 007 - PHYSICAL DESCRIPTION FIXED FIELD--GENERAL INFORMATION | |
| fixed length control field | cr bn --- |
| 008 - FIXED-LENGTH DATA ELEMENTS--GENERAL INFORMATION | |
| fixed length control field | 210117p20140708xx n |0 eng |
| 040 ## - CATALOGING SOURCE | |
| Original cataloging agency | HDC |
| 100 ## - MAIN ENTRY--PERSONAL NAME | |
| Personal name | Hashim, P., |
| Relator term | author |
| 9 (RLIN) | 4802 |
| 245 #0 - TITLE STATEMENT | |
| Title | Collagen in food and beverage industries / |
| Statement of responsibility, etc. | by Hashim, P., Mohd Ridzwan, M. S., Bakar, J. and Mat Hashim, D. |
| 260 ## - PUBLICATION, DISTRIBUTION, ETC. | |
| Place of publication, distribution, etc. | [No place] : |
| Name of publisher, distributor, etc. | [publisher not identified], |
| Date of publication, distribution, etc. | 2014 |
| 300 ## - PHYSICAL DESCRIPTION | |
| Extent | 1 online resource (8 pages) |
| 336 ## - CONTENT TYPE | |
| Content type term | text |
| Source | rdacontent |
| 337 ## - MEDIA TYPE | |
| Media type term | computer |
| Source | rdamedia |
| 338 ## - CARRIER TYPE | |
| Carrier type term | online resource |
| Source | rdacarrier |
| 650 ## - SUBJECT ADDED ENTRY--TOPICAL TERM | |
| Topical term or geographic name entry element | Collagen |
| 9 (RLIN) | 4899 |
| 650 ## - SUBJECT ADDED ENTRY--TOPICAL TERM | |
| Topical term or geographic name entry element | Food industry and trade |
| 9 (RLIN) | 140 |
| 650 ## - SUBJECT ADDED ENTRY--TOPICAL TERM | |
| Topical term or geographic name entry element | Skin |
| General subdivision | Aging |
| -- | Treatment |
| 9 (RLIN) | 4900 |
| 700 ## - ADDED ENTRY--PERSONAL NAME | |
| Personal name | M. S., Bakar, J., |
| Relator term | author |
| 9 (RLIN) | 4902 |
| 700 ## - ADDED ENTRY--PERSONAL NAME | |
| Personal name | Mat Hashim, D., |
| Relator term | author |
| 9 (RLIN) | 1741 |
| 700 ## - ADDED ENTRY--PERSONAL NAME | |
| Personal name | Mohd Ridzwan, |
| Relator term | author |
| 9 (RLIN) | 4901 |
| 856 ## - ELECTRONIC LOCATION AND ACCESS | |
| Public note | Request full-text at [email protected] |
| 942 ## - ADDED ENTRY ELEMENTS (KOHA) | |
| Source of classification or shelving scheme | Library of Congress Classification |
| 942 ## - ADDED ENTRY ELEMENTS (KOHA) | |
| Koha item type | Articles |
| 942 ## - ADDED ENTRY ELEMENTS (KOHA) | |
| Call number prefix | JART 000092 |
| Withdrawn status | Lost status | Source of classification or shelving scheme | Damaged status | Not for loan | Home library | Current library | Shelving location | Date acquired | Total checkouts | Full call number | Date last seen | Price effective from | Koha item type |
|---|---|---|---|---|---|---|---|---|---|---|---|---|---|
| Library of Congress Classification | Halal Development Corporation Library | Halal Development Corporation Library | Open Shelves | 24/05/2023 | JART 000092 | 24/05/2023 | 24/05/2023 | Articles |
